000 01120cam a22003738i 4500
999 _c4827
_d4827
001 269736
003 GBCCL
005 20241126110527.0
008 131209s2014 miu b 001 0 eng
010 _a 2013038527
020 _a9780801049125 (cloth)
020 _a0801049121 (cloth)
035 _a(OCoLC)ocn865452254
035 _a(OCoLC)865452254
040 _aDLC
_beng
_erda
_cDLC
_dOCLCO
_dXBE
_dYDXCP
_dLBB
042 _apcc
049 _aLBBK
050 0 0 _aBV4211.3
_b.R59 2014
082 0 0 _a251
_223
_bROB
090 _aBV4211.3
_b.R59 2014
100 1 _aRobinson, Haddon W.
_91464
245 1 0 _aBiblical preaching :
_bthe development and delivery of expository messages /
_cHaddon W. Robinson.
250 _aThird Edition.
263 _a1403
264 1 _aGrand Rapids :
_bBaker Academic,
_c2014.
300 _axi, 244 pages ;
_c24 cm.
336 _atext
_2rdacontent
337 _aunmediated
_2rdamedia
338 _avolume
_2rdacarrier
504 _aIncludes bibliographical references and index.
630 0 0 _aBible
_xHomiletical use.
_91148
650 0 _aPreaching.
_9404
942 _2ddc
_cBK
_013